Languages of the Philippines Map Quiz - Statistics

General Stats
  • This quiz has been taken 542 times
  • The average score is 5 of 11
Answers on the Map
Answers color-coded by a green-red scale on the quiz's map according to % correct below.
 
Answer Stats
Language % Correct
Tagalog
99%
Cebuano
80%
Ilocano
65%
Hiligaynon
47%
Waray
44%
Kapampangan
36%
Bikol
35%
Pangasinan
34%
Tausug
26%
Maguindanao
25%
Maranao
25%
No matching quizzes found
Score Distribution
Percent of People with Each Score
Percentile by Number Answered
Your Score History
You have not taken this quiz